Catálogo

El hombre en busca de sentido / (Registro nro. 179)

Detalles MARC
000 -LEADER
fixed length control field 01933cam a2200481 i 4500
001 - CONTROL NUMBER
control field 179
003 - CONTROL NUMBER IDENTIFIER
control field Mx-PuUPA
005 - DATE AND TIME OF LATEST TRANSACTION
control field 20250929130029.0
008 - FIXED-LENGTH DATA ELEMENTS--GENERAL INFORMATION
fixed length control field 140415s1986 000 0 spa d
017 ## - COPYRIGHT OR LEGAL DEPOSIT NUMBER
Copyright or legal deposit number B- 7.966-2013
017 ## - COPYRIGHT OR LEGAL DEPOSIT NUMBER
Copyright or legal deposit number B - 28.778 - 2004
020 ## - INTERNATIONAL STANDARD BOOK NUMBER
International Standard Book Number 9788425423314
020 ## - INTERNATIONAL STANDARD BOOK NUMBER
International Standard Book Number 8425423317
040 ## - CATALOGING SOURCE
Original cataloging agency Mx-PuUPA
Language of cataloging spa
Transcribing agency Mx-PuUPA
Modifying agency Mx-PuUPA
Description conventions rda
041 1# - LANGUAGE CODE
Language code of text/sound track or separate title spa
Language code of original ger
-- eng
043 ## - GEOGRAPHIC AREA CODE
Geographic area code e------
100 1# - MAIN ENTRY--PERSONAL NAME
Personal name Frankl, Viktor E.
Fuller form of name (Viktor Emil),
Dates associated with a name 1905-1997
9 (RLIN) 7409
Relator term autor
245 13 - TITLE STATEMENT
Title El hombre en busca de sentido /
Statement of responsibility, etc. Victor Frankl ; traducción de Christine Kopplehuber y Gabriel Insausti Herrero ; edición y prólogo de José Benigno Freire
250 ## - EDITION STATEMENT
Edition statement Edición de 2004 /
Remainder of edition statement completamente revisada y actualizada
264 #1 - PRODUCTION, PUBLICATION, DISTRIBUTION, MANUFACTURE, AND COPYRIGHT NOTICE
Place of production, publication, distribution, manufacture Barcelona, España :
Name of producer, publisher, distributor, manufacturer Herder Editorial,
Date of production, publication, distribution, manufacture, or copyright notice 2004
300 ## - PHYSICAL DESCRIPTION
Extent 158 páginas ;
Dimensions 22 cm
336 ## - CONTENT TYPE
Fuente rdacontent
Content type term texto
Content type code txt
337 ## - MEDIA TYPE
Source rdamedia
Media type term sin medio
Media type code n
338 ## - CARRIER TYPE
Source rdacarrier
Carrier type term volumen
Carrier type code nc
500 ## - GENERAL NOTE
General note Reimpresiones: (10a reimpresión de la edición 2004)
600 14 - SUBJECT ADDED ENTRY--PERSONAL NAME
Personal name Frankl, Viktor e.
Dates associated with a name 1905-1997
650 #7 - SUBJECT ADDED ENTRY--TOPICAL TERM
Source of heading or term armarc
Topical term or geographic name entry element Campos de concentración
General subdivision Experiencia
Geographic subdivision Europa
650 #7 - SUBJECT ADDED ENTRY--TOPICAL TERM
Source of heading or term armarc
Topical term or geographic name entry element Filosofía sobre vida
650 #7 - SUBJECT ADDED ENTRY--TOPICAL TERM
Source of heading or term armarc
Topical term or geographic name entry element Holocausto Judío (1939-1945)
General subdivision Experiencia
700 1# - ADDED ENTRY--PERSONAL NAME
Personal name Kopplhuber, Christine,
Relator term traductor
9 (RLIN) 1063
700 1# - ADDED ENTRY--PERSONAL NAME
Personal name Insausti Herrero, Gabriel,
Relator term traductor
700 1# - ADDED ENTRY--PERSONAL NAME
Personal name Freire, José Benigno,
Relator term editor
-- prologuista
700 12 - ADDED ENTRY--PERSONAL NAME
Personal name Frankl, Viktor,
Title of a work Ein Psychologe erlebt das Konzentrationslager,
Language of a work Español
700 12 - ADDED ENTRY--PERSONAL NAME
Personal name Frankl, Viktor,
Title of a work Man's Search for Meaning,
Language of a work Español
700 12 - ADDED ENTRY--PERSONAL NAME
Personal name Frankl, Viktor,
Title of a work From Death-Camp to Existencialism
740 02 - ADDED ENTRY--UNCONTROLLED RELATED/ANALYTICAL TITLE
Uncontrolled related/analytical title Ein Psychologe erlebt das Konzentrationslager
740 02 - ADDED ENTRY--UNCONTROLLED RELATED/ANALYTICAL TITLE
Uncontrolled related/analytical title Man's Search for Meaning
740 02 - ADDED ENTRY--UNCONTROLLED RELATED/ANALYTICAL TITLE
Uncontrolled related/analytical title From Death-Camp to Existencialism
942 ## - ADDED ENTRY ELEMENTS (KOHA)
Source of classification or shelving scheme Dewey Decimal Classification
Koha item type Libro
Classification part 150.195
Item part F7718
Existencias
Withdrawn status Lost status Source of classification or shelving scheme Damaged status Not for loan Collection code Home library Current library Shelving location Date acquired Source of acquisition Total Checkouts Total Renewals Full call number Barcode Date last seen Date last checked out Price effective from Koha item type Copy number
    Dewey Decimal Classification     General Biblioteca Karol Wojtyla Biblioteca Karol Wojtyla Sala general 22/10/2015 Compra 3 2 150.195 F7718 2004 93487 03/03/2026 06/02/2026 21/01/2016 Libro  
Descarte   Dewey Decimal Classification     General Biblioteca Karol Wojtyla Biblioteca Karol Wojtyla Sala general 03/12/2013 Compra 4 2 150.195 F7718 2004 73474 26/09/2025 12/09/2025 21/01/2016 Libro Ej.3
    Dewey Decimal Classification     General Biblioteca Karol Wojtyla Biblioteca Karol Wojtyla Sala general 03/12/2013 Compra 5   150.195 F7718 2004 73372 26/02/2026 21/02/2023 21/01/2016 Libro Ej.2